| 000 | 00919nac a22002531u 4500 | ||
|---|---|---|---|
| 010 | _a 85081185 | ||
| 020 | _a0674241533 (pbk.) : | ||
| 082 | 0 | 0 | _a759.932074 |
| 090 |
_c9292 _d9292 |
||
| 100 | _aJames, T. G. H. | ||
| 245 | 1 | 0 |
_aEgyptian painting and drawing in the British Museum / _cT.G.H. James. |
| 260 |
_aCambridge, Mass. : _bHarvard University Press,C.1986. _cC.1986. |
||
| 300 |
_a71 p. : _bill. (some col.) ; _c22 cm. |
||
| 500 | _aIncludes index. | ||
| 500 | _aDistributer: Al-Ahram. | ||
| 504 | _aBibliography: p. 71. | ||
| 511 | _aCatalogued By: Mahitab. | ||
| 610 | 2 | 0 | _aBritish Museum. |
| 650 | 0 | _aArt, Egyptian. | |
| 650 | 0 |
_aArt _zEngland _zLondon. |
|
| 710 | 2 | _aBritish Museum. | |
| 942 |
_cBB _k759.932074 |
||
| 999 |
_c9292 _d9292 |
||